<?xml version="1.0" encoding="UTF-8"?>
<collection xmlns="http://www.loc.gov/MARC21/slim">
 <record>
  <leader>03987nam a22005531  4500</leader>
  <controlfield tag="001">1/5661</controlfield>
  <controlfield tag="008">950117s19631988enk            001  eng d</controlfield>
  <datafield tag="020" ind1=" " ind2=" ">
   <subfield code="a">041503793X</subfield>
  </datafield>
  <datafield tag="035" ind1=" " ind2=" ">
   <subfield code="l">5946</subfield>
  </datafield>
  <datafield tag="040" ind1=" " ind2=" ">
   <subfield code="a">DLC</subfield>
   <subfield code="b">GR-PeUP</subfield>
  </datafield>
  <datafield tag="082" ind1="0" ind2="0">
   <subfield code="a">192 MI</subfield>
  </datafield>
  <datafield tag="100" ind1="1" ind2=" ">
   <subfield code="a">Mill, John Stuart,</subfield>
   <subfield code="d">1806-1873.</subfield>
  </datafield>
  <datafield tag="245" ind1="1" ind2="0">
   <subfield code="a">Collected works John Stuart Mill/</subfield>
   <subfield code="c">ed.by JohnM.Robson and Bruce L.Kinzer.</subfield>
  </datafield>
  <datafield tag="260" ind1=" " ind2=" ">
   <subfield code="a">Routledge:</subfield>
   <subfield code="b">University of Toronto press,</subfield>
   <subfield code="c">1963-1988</subfield>
  </datafield>
  <datafield tag="300" ind1=" " ind2=" ">
   <subfield code="a">volums-29,;</subfield>
   <subfield code="c">24 cm.</subfield>
  </datafield>
  <datafield tag="505" ind1="0" ind2=" ">
   <subfield code="a">v.1.-Autobiographies and literary essays.,v.2,3-Principles ofpolitical economy.v.4,5-Essays on economics and society,1824-1845.,v.6-Essays on England,Ireland and the Empire,1850-1879.,v.7,8-A system of logic.,v.9-An examination of Sir W.Hamilton philosophy,v.10,-Essays on ethics,religion and society,v.11-Essays on philosophy and the classics,v.12,13-Earlier letters,1812-1848.,v.14-17,Later letters,1848-1873,v.18,19-Essays on politics and society,v.20-Essays on French history and historians,v.21-Essays on equality,law and education,v.26.27-Journals and debating speeches,v.28,29-Public and parliamentary Speeches</subfield>
  </datafield>
  <datafield tag="504" ind1=" " ind2=" ">
   <subfield code="a">Includes bibliographies and indexes.</subfield>
  </datafield>
  <datafield tag="650" ind1=" " ind2="4">
   <subfield code="a">Philosophy</subfield>
   <subfield code="x">Collected works.</subfield>
  </datafield>
  <datafield tag="650" ind1=" " ind2="4">
   <subfield code="a">Political science</subfield>
   <subfield code="x">Collected works.</subfield>
  </datafield>
  <datafield tag="650" ind1=" " ind2="4">
   <subfield code="a">Economics</subfield>
   <subfield code="x">Collected works.</subfield>
  </datafield>
  <datafield tag="700" ind1="1" ind2=" ">
   <subfield code="a">Robson, John M.</subfield>
  </datafield>
  <datafield tag="700" ind1="1" ind2=" ">
   <subfield code="a">Kinzer, Bruce L.</subfield>
  </datafield>
  <datafield tag="852" ind1=" " ind2=" ">
   <subfield code="a">INST</subfield>
   <subfield code="b">UNIPILB</subfield>
   <subfield code="c">MAIN</subfield>
   <subfield code="e">20040709</subfield>
   <subfield code="h">192 MI</subfield>
   <subfield code="p">00101339</subfield>
   <subfield code="q">00101339</subfield>
   <subfield code="t">LOAN</subfield>
   <subfield code="v">v.8:</subfield>
   <subfield code="y">0</subfield>
   <subfield code="z">v.8</subfield>
   <subfield code="4">1</subfield>
  </datafield>
  <datafield tag="852" ind1=" " ind2=" ">
   <subfield code="a">INST</subfield>
   <subfield code="b">UNIPILB</subfield>
   <subfield code="c">MAIN</subfield>
   <subfield code="e">20040709</subfield>
   <subfield code="h">192 MI</subfield>
   <subfield code="p">00101340</subfield>
   <subfield code="q">00101340</subfield>
   <subfield code="t">LOAN</subfield>
   <subfield code="v">v.10:</subfield>
   <subfield code="y">0</subfield>
   <subfield code="z">v.10</subfield>
   <subfield code="4">1</subfield>
  </datafield>
  <datafield tag="852" ind1=" " ind2=" ">
   <subfield code="a">INST</subfield>
   <subfield code="b">UNIPILB</subfield>
   <subfield code="c">MAIN</subfield>
   <subfield code="e">20040709</subfield>
   <subfield code="h">192 MI</subfield>
   <subfield code="p">00101341</subfield>
   <subfield code="q">00101341</subfield>
   <subfield code="t">LOAN</subfield>
   <subfield code="v">v.12:</subfield>
   <subfield code="y">0</subfield>
   <subfield code="z">v.12</subfield>
   <subfield code="4">1</subfield>
  </datafield>
  <datafield tag="852" ind1=" " ind2=" ">
   <subfield code="a">INST</subfield>
   <subfield code="b">UNIPILB</subfield>
   <subfield code="c">MAIN</subfield>
   <subfield code="e">20040709</subfield>
   <subfield code="h">192 MI</subfield>
   <subfield code="p">00101342</subfield>
   <subfield code="q">00101342</subfield>
   <subfield code="t">LOAN</subfield>
   <subfield code="v">v.14:</subfield>
   <subfield code="y">0</subfield>
   <subfield code="z">v.14</subfield>
   <subfield code="4">1</subfield>
  </datafield>
  <datafield tag="852" ind1=" " ind2=" ">
   <subfield code="a">INST</subfield>
   <subfield code="b">UNIPILB</subfield>
   <subfield code="c">MAIN</subfield>
   <subfield code="e">20040709</subfield>
   <subfield code="h">192 MI</subfield>
   <subfield code="p">00101343</subfield>
   <subfield code="q">00101343</subfield>
   <subfield code="t">LOAN</subfield>
   <subfield code="v">v.19:</subfield>
   <subfield code="y">0</subfield>
   <subfield code="z">v.19</subfield>
   <subfield code="4">1</subfield>
  </datafield>
  <datafield tag="852" ind1=" " ind2=" ">
   <subfield code="a">INST</subfield>
   <subfield code="b">UNIPILB</subfield>
   <subfield code="c">MAIN</subfield>
   <subfield code="e">20040709</subfield>
   <subfield code="h">192 MI</subfield>
   <subfield code="p">00110649</subfield>
   <subfield code="q">00110649</subfield>
   <subfield code="t">LOAN</subfield>
   <subfield code="v">v.7:</subfield>
   <subfield code="y">0</subfield>
   <subfield code="z">v.7</subfield>
   <subfield code="4">1</subfield>
  </datafield>
  <datafield tag="852" ind1=" " ind2=" ">
   <subfield code="a">INST</subfield>
   <subfield code="b">UNIPILB</subfield>
   <subfield code="c">MAIN</subfield>
   <subfield code="e">20040709</subfield>
   <subfield code="h">192 MI</subfield>
   <subfield code="p">00110650</subfield>
   <subfield code="q">00110650</subfield>
   <subfield code="t">LOAN</subfield>
   <subfield code="v">v.13:</subfield>
   <subfield code="y">0</subfield>
   <subfield code="z">v.13</subfield>
   <subfield code="4">1</subfield>
  </datafield>
  <datafield tag="852" ind1=" " ind2=" ">
   <subfield code="a">INST</subfield>
   <subfield code="b">UNIPILB</subfield>
   <subfield code="c">MAIN</subfield>
   <subfield code="e">20040709</subfield>
   <subfield code="h">192 MI</subfield>
   <subfield code="p">00110651</subfield>
   <subfield code="q">00110651</subfield>
   <subfield code="t">LOAN</subfield>
   <subfield code="v">v.15:</subfield>
   <subfield code="y">0</subfield>
   <subfield code="z">v.15</subfield>
   <subfield code="4">1</subfield>
  </datafield>
  <datafield tag="852" ind1=" " ind2=" ">
   <subfield code="a">INST</subfield>
   <subfield code="b">UNIPILB</subfield>
   <subfield code="c">MAIN</subfield>
   <subfield code="e">20040709</subfield>
   <subfield code="h">192 MI</subfield>
   <subfield code="p">00110652</subfield>
   <subfield code="q">00110652</subfield>
   <subfield code="t">LOAN</subfield>
   <subfield code="v">v.16:</subfield>
   <subfield code="y">0</subfield>
   <subfield code="z">v.16</subfield>
   <subfield code="4">1</subfield>
  </datafield>
  <datafield tag="852" ind1=" " ind2=" ">
   <subfield code="a">INST</subfield>
   <subfield code="b">UNIPILB</subfield>
   <subfield code="c">MAIN</subfield>
   <subfield code="e">20040709</subfield>
   <subfield code="h">192 MI</subfield>
   <subfield code="p">00110653</subfield>
   <subfield code="q">00110653</subfield>
   <subfield code="t">LOAN</subfield>
   <subfield code="v">v.17:</subfield>
   <subfield code="y">0</subfield>
   <subfield code="z">v.17</subfield>
   <subfield code="4">1</subfield>
  </datafield>
  <datafield tag="852" ind1=" " ind2=" ">
   <subfield code="a">INST</subfield>
   <subfield code="b">UNIPILB</subfield>
   <subfield code="c">MAIN</subfield>
   <subfield code="e">20040709</subfield>
   <subfield code="h">192 MI</subfield>
   <subfield code="p">00110654</subfield>
   <subfield code="q">00110654</subfield>
   <subfield code="t">LOAN</subfield>
   <subfield code="v">v.18:</subfield>
   <subfield code="y">0</subfield>
   <subfield code="z">v.18</subfield>
   <subfield code="4">1</subfield>
  </datafield>
  <datafield tag="852" ind1=" " ind2=" ">
   <subfield code="a">INST</subfield>
   <subfield code="b">UNIPILB</subfield>
   <subfield code="c">MAIN</subfield>
   <subfield code="e">20040709</subfield>
   <subfield code="h">192 MI</subfield>
   <subfield code="p">00120781</subfield>
   <subfield code="q">00120781</subfield>
   <subfield code="t">LOAN</subfield>
   <subfield code="v">v.26:</subfield>
   <subfield code="y">0</subfield>
   <subfield code="z">v.26</subfield>
   <subfield code="4">1</subfield>
  </datafield>
  <datafield tag="852" ind1=" " ind2=" ">
   <subfield code="a">INST</subfield>
   <subfield code="b">UNIPILB</subfield>
   <subfield code="c">MAIN</subfield>
   <subfield code="e">20040709</subfield>
   <subfield code="h">192 MI</subfield>
   <subfield code="p">00120782</subfield>
   <subfield code="q">00120782</subfield>
   <subfield code="t">LOAN</subfield>
   <subfield code="v">v.27:</subfield>
   <subfield code="y">0</subfield>
   <subfield code="z">v.27</subfield>
   <subfield code="4">1</subfield>
  </datafield>
  <datafield tag="852" ind1=" " ind2=" ">
   <subfield code="a">INST</subfield>
   <subfield code="b">UNIPILB</subfield>
   <subfield code="c">MAIN</subfield>
   <subfield code="e">20040709</subfield>
   <subfield code="h">192 MI</subfield>
   <subfield code="p">00120783</subfield>
   <subfield code="q">00120783</subfield>
   <subfield code="t">LOAN</subfield>
   <subfield code="v">v.28:</subfield>
   <subfield code="y">0</subfield>
   <subfield code="z">v.28</subfield>
   <subfield code="4">1</subfield>
  </datafield>
  <datafield tag="852" ind1=" " ind2=" ">
   <subfield code="a">INST</subfield>
   <subfield code="b">UNIPILB</subfield>
   <subfield code="c">MAIN</subfield>
   <subfield code="e">20040709</subfield>
   <subfield code="h">192 MI</subfield>
   <subfield code="p">00120784</subfield>
   <subfield code="q">00120784</subfield>
   <subfield code="t">LOAN</subfield>
   <subfield code="v">v.29:</subfield>
   <subfield code="y">0</subfield>
   <subfield code="z">v.29</subfield>
   <subfield code="4">1</subfield>
  </datafield>
  <datafield tag="852" ind1=" " ind2=" ">
   <subfield code="a">INST</subfield>
   <subfield code="b">UNIPILB</subfield>
   <subfield code="c">MAIN</subfield>
   <subfield code="e">20040709</subfield>
   <subfield code="h">192 MI</subfield>
   <subfield code="p">00121053</subfield>
   <subfield code="q">00121053</subfield>
   <subfield code="t">LOAN</subfield>
   <subfield code="v">v.1:</subfield>
   <subfield code="y">0</subfield>
   <subfield code="z">v.1</subfield>
   <subfield code="4">1</subfield>
  </datafield>
  <datafield tag="852" ind1=" " ind2=" ">
   <subfield code="a">INST</subfield>
   <subfield code="b">UNIPILB</subfield>
   <subfield code="c">MAIN</subfield>
   <subfield code="e">20040709</subfield>
   <subfield code="h">192 MI</subfield>
   <subfield code="p">00121054</subfield>
   <subfield code="q">00121054</subfield>
   <subfield code="t">LOAN</subfield>
   <subfield code="v">v.2:</subfield>
   <subfield code="y">0</subfield>
   <subfield code="z">v.2</subfield>
   <subfield code="4">1</subfield>
  </datafield>
  <datafield tag="852" ind1=" " ind2=" ">
   <subfield code="a">INST</subfield>
   <subfield code="b">UNIPILB</subfield>
   <subfield code="c">MAIN</subfield>
   <subfield code="e">20040709</subfield>
   <subfield code="h">192 MI</subfield>
   <subfield code="p">00121055</subfield>
   <subfield code="q">00121055</subfield>
   <subfield code="t">LOAN</subfield>
   <subfield code="v">v.4:</subfield>
   <subfield code="y">0</subfield>
   <subfield code="z">v.4</subfield>
   <subfield code="4">1</subfield>
  </datafield>
  <datafield tag="852" ind1=" " ind2=" ">
   <subfield code="a">INST</subfield>
   <subfield code="b">UNIPILB</subfield>
   <subfield code="c">MAIN</subfield>
   <subfield code="e">20040709</subfield>
   <subfield code="h">192 MI</subfield>
   <subfield code="p">00121056</subfield>
   <subfield code="q">00121056</subfield>
   <subfield code="t">LOAN</subfield>
   <subfield code="v">v.5:</subfield>
   <subfield code="y">0</subfield>
   <subfield code="z">v.5</subfield>
   <subfield code="4">1</subfield>
  </datafield>
  <datafield tag="852" ind1=" " ind2=" ">
   <subfield code="a">INST</subfield>
   <subfield code="b">UNIPILB</subfield>
   <subfield code="c">MAIN</subfield>
   <subfield code="e">20040709</subfield>
   <subfield code="h">192 MI</subfield>
   <subfield code="p">00121057</subfield>
   <subfield code="q">00121057</subfield>
   <subfield code="t">LOAN</subfield>
   <subfield code="v">v.6:</subfield>
   <subfield code="y">0</subfield>
   <subfield code="z">v.6</subfield>
   <subfield code="4">1</subfield>
  </datafield>
  <datafield tag="852" ind1=" " ind2=" ">
   <subfield code="a">INST</subfield>
   <subfield code="b">UNIPILB</subfield>
   <subfield code="c">MAIN</subfield>
   <subfield code="e">20040709</subfield>
   <subfield code="h">192 MI</subfield>
   <subfield code="p">00121058</subfield>
   <subfield code="q">00121058</subfield>
   <subfield code="t">LOAN</subfield>
   <subfield code="v">v.9:</subfield>
   <subfield code="y">0</subfield>
   <subfield code="z">v.9</subfield>
   <subfield code="4">1</subfield>
  </datafield>
  <datafield tag="852" ind1=" " ind2=" ">
   <subfield code="a">INST</subfield>
   <subfield code="b">UNIPILB</subfield>
   <subfield code="c">MAIN</subfield>
   <subfield code="e">20040709</subfield>
   <subfield code="h">192 MI</subfield>
   <subfield code="p">00121059</subfield>
   <subfield code="q">00121059</subfield>
   <subfield code="t">LOAN</subfield>
   <subfield code="v">v.20:</subfield>
   <subfield code="y">0</subfield>
   <subfield code="z">v.20</subfield>
   <subfield code="4">1</subfield>
  </datafield>
  <datafield tag="852" ind1=" " ind2=" ">
   <subfield code="a">INST</subfield>
   <subfield code="b">UNIPILB</subfield>
   <subfield code="c">MAIN</subfield>
   <subfield code="e">20040709</subfield>
   <subfield code="h">192 MI</subfield>
   <subfield code="p">00121060</subfield>
   <subfield code="q">00121060</subfield>
   <subfield code="t">LOAN</subfield>
   <subfield code="v">v.22:</subfield>
   <subfield code="y">0</subfield>
   <subfield code="z">v.22</subfield>
   <subfield code="4">1</subfield>
  </datafield>
  <datafield tag="852" ind1=" " ind2=" ">
   <subfield code="a">INST</subfield>
   <subfield code="b">UNIPILB</subfield>
   <subfield code="c">MAIN</subfield>
   <subfield code="e">20040709</subfield>
   <subfield code="h">192 MI</subfield>
   <subfield code="p">00121061</subfield>
   <subfield code="q">00121061</subfield>
   <subfield code="t">LOAN</subfield>
   <subfield code="v">v.23:</subfield>
   <subfield code="y">0</subfield>
   <subfield code="z">v.23</subfield>
   <subfield code="4">1</subfield>
  </datafield>
  <datafield tag="852" ind1=" " ind2=" ">
   <subfield code="a">INST</subfield>
   <subfield code="b">UNIPILB</subfield>
   <subfield code="c">MAIN</subfield>
   <subfield code="e">20040709</subfield>
   <subfield code="h">192 MI</subfield>
   <subfield code="p">00121062</subfield>
   <subfield code="q">00121062</subfield>
   <subfield code="t">LOAN</subfield>
   <subfield code="v">v.24:</subfield>
   <subfield code="y">0</subfield>
   <subfield code="z">v.24</subfield>
   <subfield code="4">1</subfield>
  </datafield>
  <datafield tag="852" ind1=" " ind2=" ">
   <subfield code="a">INST</subfield>
   <subfield code="b">UNIPILB</subfield>
   <subfield code="c">MAIN</subfield>
   <subfield code="e">20040709</subfield>
   <subfield code="h">192 MI</subfield>
   <subfield code="p">00121063</subfield>
   <subfield code="q">00121063</subfield>
   <subfield code="t">LOAN</subfield>
   <subfield code="v">v.25:</subfield>
   <subfield code="y">0</subfield>
   <subfield code="z">v.25</subfield>
   <subfield code="4">1</subfield>
  </datafield>
  <datafield tag="852" ind1=" " ind2=" ">
   <subfield code="a">INST</subfield>
   <subfield code="b">UNIPILB</subfield>
   <subfield code="c">MAIN</subfield>
   <subfield code="e">20040709</subfield>
   <subfield code="h">192 MI</subfield>
   <subfield code="p">00124688</subfield>
   <subfield code="q">00124688</subfield>
   <subfield code="t">LOAN</subfield>
   <subfield code="v">v.3:</subfield>
   <subfield code="y">0</subfield>
   <subfield code="z">v.3</subfield>
   <subfield code="4">1</subfield>
  </datafield>
 </record>
</collection>
